200 mots d'un extrait - Harry Potter 4 #5 - Statistiques

Statistiques générales
  • Ce quiz a été pris 29 fois
  • Le résultat moyen est 96 sur 200
Statistiques - réponses
Réponses % Correct
c'
91%
Harry
91%
Harry.
91%
Harry,
91%
–t
91%
a
86%
à
86%
d'
86%
l'
82%
L'
82%
m'
82%
s'
82%
ce
77%
–ce
77%
est
77%
–il.
77%
il
77%
–il
77%
–La
77%
La
77%
la
77%
de
73%
le
73%
ma
73%
qu'
73%
dit
68%
et
68%
–Et
68%
que
68%
tu
68%
des
64%
Dès
64%
En
64%
en
64%
les
64%
me
64%
pour
64%
sa
64%
as
59%
fait,
59%
or
59%
se
59%
ton
59%
un
59%
une
59%
dire
55%
du
55%
ne
55%
qui
55%
baguette
50%
baguette.
50%
elles,
50%
–Elles
50%
était
50%
Mais
50%
passe
50%
quand
50%
Ses
50%
alors,
45%
celle
45%
Dans
45%
Dumbledore.
45%
même
45%
–Oui,
45%
si
45%
sur
45%
toi
45%
Voldemort
45%
y
45%
agit
41%
autre,
41%
autre
41%
ceux
41%
magique
41%
yeux
41%
comme
36%
phénix.
36%
phénix,
36%
plume
36%
ans,
32%
avais
32%
contre
32%
entre
32%
eux
32%
exclama
32%
fixèrent
32%
Ollivander
32%
rencontre
32%
répondit
32%
rouge
32%
sœur?
32%
baguettes
27%
chacune
27%
demanda
27%
Fumseck?
27%
montrant
27%
oiseau
27%
peuvent
27%
quatre
27%
queue
27%
sans
27%
vient
27%
acheté
23%
combattre.
23%
écrit
23%
leur
23%
fut
18%
genoux
18%
leurs
18%
Mr
18%
seconde
18%
très
18%
boutique,
14%
contiennent
14%
expliqua
14%
invisible
14%
phénomène
14%
propriétaires
14%
quitté
14%
Sirius
14%
Sirius.
14%
agir
9%
apparu
9%
comprendre
9%
forcent
9%
Incantatum,
9%
permettait
9%
Priori
9%
sortilèges?
9%
sortilèges
9%
ajouta
5%
brusque.
5%
élément.
5%
–Exactement,
5%
installé
5%
mots.
5%
murmura
5%
obligera
5%
paisiblement
5%
produira.
5%
rare
5%
rayon
5%
régurgiter
5%
remontée
5%
secours
5%
stupéfait.
5%
Aucun quiz correspondant
Distribution des résultats
% des personnes avec chaque résultat
Percentile par nombre de réponses
Votre historique - résultats
Vous n’avez pas pris ce quiz